Latvijas Universitātes Fizikas institūts (1919 – 1944) un tā sagatavotie fiziķi
| Titel: | Latvijas Universitātes Fizikas institūts (1919 – 1944) un tā sagatavotie fiziķi / Jānis Jansons |
|---|---|
| Verfasser: | |
| Veröffentlicht: | Rīga : LU Akadēmiskais Apgāds, 2008 |
| Umfang: | 219 S. : Ill. |
| Format: | Buch |
| Sprache: | Lettisch |
| ISBN: | 9789984450506 |
| Hinweise zum Inhalt: |
Inhaltsverzeichnis
|
| Lokale Klassifikation: | 46 15 B |
|---|
alg: 32115615 001A $03004:06-05-13 001B $01999:09-06-23 $t23:27:46.000 001C $03004:31-05-13 $t16:02:44.000 001D $03004:31-05-13 001U $0utf8 001X $00 002@ $0Aau 003@ $0321156153 004A $A978-9984-45-050-6 007A $0321156153 $aHEB 007G $0DE0200A075BFDCB4274D1C1257B8E0039693A 009P $qapplication/pdf $A2 $3Inhaltsverzeichnis $uhttp://scans.hebis.de/HEBCGI/show.pl?32115615_toc.pdf $mV:DE-603;B:DE-Mb50 010@ $alav 011@ $a2008 021A $aLatvijas Universitātes Fizikas institūts (1919 – 1944) un tā sagatavotie fiziķi $hJānis Jansons 028A $#Brauns, Jānis $7 $8Jansons, Jānis [Tnx] $9165855606 033A $pRīga $nLU Akadēmiskais Apgāds 034D $a219 S. 034M $aIll. 045F $a370.94796 $eDDC23BSB 045F/01 $a370.9 045F/03 $g4796 lok: 32115615 24 101B $018-06-13 $t06:23:15.000 101C $018-06-13 101U $0utf8 145Z/01 $a46 15 B exp: 32115615 24 1 #EPN 201B/01 $031-05-13 $t16:05:27.000 201C/01 $006-05-13 201U/01 $0utf8 203@/01 $0675175089 208@/01 $a31-05-13 $bz 209A/01 $a13.03581 $du $f050 $h13 03581 $x00 209C/01 $a13.03581 K $h13 03581 K 209G/01 $a73282691 $x00 220C/01 $amar 247C/01 $8358050-7Marburg, Bibliothek des Herder-Instituts Marburg $9102600961
| LEADER | 00000cam a2200000 c 4500 | ||
|---|---|---|---|
| 001 | 321156153 | ||
| 003 | DE-603 | ||
| 005 | 20230609232746.0 | ||
| 007 | tu | ||
| 008 | 130506s2008 xx |||| | u00||u|lav c | ||
| 020 | |a 9789984450506 | ||
| 035 | |a (DE-599)HEB321156153 | ||
| 040 | |a DE-603 |b ger |c DE-603 |d DE-603 | ||
| 041 | |a lav | ||
| 082 | 0 | 4 | |8 1\u |a 370.94796 |q DE-101 |2 23/BSB |
| 085 | |8 1\u |b 370.9 | ||
| 085 | |8 1\u |z 2 |s 4796 | ||
| 100 | 1 | |a Jansons, Jānis |0 (DE-603)165855606 | |
| 245 | 0 | 0 | |a Latvijas Universitātes Fizikas institūts (1919 – 1944) un tā sagatavotie fiziķi |c Jānis Jansons |
| 264 | 1 | |a Rīga |b LU Akadēmiskais Apgāds |c 2008 | |
| 300 | |a 219 S. |b Ill. | ||
| 856 | 4 | 2 | |m V:DE-603;B:DE-Mb50 |q application/pdf |u http://scans.hebis.de/HEBCGI/show.pl?32115615_toc.pdf |3 Inhaltsverzeichnis |
| 924 | 0 | |9 Mb 50 |a (DE-603)675175089 |b DE-Mb50 |c HES |d c |g 13.03581 | |


